000 00382nam a2200145Ia 4500
008 240729s9999 xx 000 0 und d
022 _a2409-501X
245 0 _aBasrah Journal of Surgery
260 _aIraq
260 _buniversity of basrah
650 _aMedicine | Science
856 _uhttps://doaj.org/toc/fb6f6b6c55d7409787b7e41c3530ae23
942 _2ddc
942 _cDOAJEJ
999 _c70920
_d70920
945 _a1
_bMadushi Gamage
_c1
_dMadushi Gamage